00895cam a22002534a 4500999001500000001000500015003000900020005001700029008004100046020001500087040002800102082002400130100002000154245014200174250001200316260003600328300004500364500002000409650003600429700002100465700002100486942001200507952012200519 c6044d60442027BD-DhUAP20201223162434.0201223s1999 nyua b 001 0 eng  a0471178985 aDLCcDLCdBD-DhUAPbeng00a658.4038011 TUR223 aTurban, Efraim. aInformation technology for management : bmaking connections for strategic advantage /cEfraim Turban, Ephraim Mclean and James Wetherbe. a2nd ed. aNew York :bJohn Wiley,cc1999. avarious pages :billustrations ;c29 cm. aIncludes index. aManagement information systems. aMclean, Ephraim. aWetherbe, James. 2ddccBK 00102ddc4070aUAPCLbUAPCLcGeneral Stacksd2020-12-23o658.4038011 TURp3010002027r2020-12-23t1w2020-12-23yBK